| 000 | 00378 a2200145 4500 | ||
|---|---|---|---|
| 020 | _a9695190588 | ||
| 082 | _a297.09254 | ||
| 090 |
_c6086 _d6086 |
||
| 100 | _aRizvi,Saiyid Athar Abbas. | ||
| 245 |
_aShah ' ABD Al-Aziz. _cSaiyid Athar Abbas Rizvi. |
||
| 260 |
_aLahore. _bSuhail Academy. _c2004. |
||
| 300 | _a609p. | ||
| 500 | _aHardcover. | ||
| 942 |
_aNBS _cBK _k297.09254 RIZ |
||
| 999 |
_c348470 _d348470 |
||